|
|
|
|
| LEADER |
00000nam0a2200000 4500 |
| 001 |
45157 |
| 005 |
20231031023756.0 |
| 010 |
|
|
|a 5793100873
|
| 035 |
|
|
|a (RuTPU)RU\TPU\book\46910
|
| 090 |
|
|
|a 45157
|
| 100 |
|
|
|a 20021202d2002 m y0rusy50 ca
|
| 101 |
0 |
|
|a rus
|
| 102 |
|
|
|a RU
|
| 105 |
|
|
|a a j 001zy
|
| 200 |
1 |
|
|a Силовая электроника
|e Лабораторные работы на ПК
|f С. Г. Герман-Галкин
|
| 210 |
|
|
|a СПб.
|c Учитель и ученик
|c Корона принт
|d 2002
|
| 215 |
|
|
|a 304 с.
|c ил.
|
| 225 |
1 |
|
|a Компьютерная Лаборатория
|
| 320 |
|
|
|a Библиогр.: с. 301-302.
|
| 451 |
|
1 |
|0 (RuTPU)RU\TPU\book\159366
|y 978-5-7931-0463-0
|t Силовая электроника
|o лабораторные работы на ПК
|f С. Г. Герман-Галкин
|c СПб.
|n Корона принт
|d 2009
|p 304 с.
|a Герман-Галкин, Сергей Германович
|
| 610 |
1 |
|
|a силовая электроника
|
| 610 |
1 |
|
|a персональные компьютеры
|
| 610 |
1 |
|
|a пакеты
|
| 610 |
1 |
|
|a SIMULINK
|
| 610 |
1 |
|
|a Power System Blockset
|
| 610 |
1 |
|
|a виртуальные блоки
|
| 610 |
1 |
|
|a силовые полупроводниковые приборы
|
| 610 |
1 |
|
|a силовые полупроводниковые преобразователи
|
| 610 |
1 |
|
|a полупроводниковые преобразователи постоянного напряжения
|
| 610 |
1 |
|
|a теория
|
| 610 |
1 |
|
|a лабораторные работы
|
| 610 |
1 |
|
|a практические пособия
|
| 610 |
1 |
|
|a учебные пособия
|
| 675 |
|
|
|a 621.314.632(076.5)
|v 3
|
| 700 |
|
1 |
|a Герман-Галкин
|b С. Г.
|g Сергей Германович
|
| 801 |
|
1 |
|a RU
|b 63413507
|c 20021202
|g PSBO
|
| 801 |
|
2 |
|a RU
|b 63413507
|c 20220426
|g PSBO
|
| 942 |
|
|
|c BK
|